01280nam a2200325 i 4500003000900000005001700009007000300026008004100029020001800070040003000088082003000118100003900148245007500187250001800262264005200280300005600332336002700388337003400415338002900449500002100478500007300499504003700572590002900609651006300638651005400701910000700755942001400762952016100776999001700937DO-SdBNP20250621074010.0ta091012s2010 dr ac 001 0dspa d a9789945163100 aDO-SdBNPbspacBNPHUerda 4a972.93054bH522e 20102221 aHamlet, Hermann,d1934-201693664910aEslabón perdido :bgobierno provisional 1965-1966 /cHamlet Hermann. a2da edición 1aSanto Domingo :bImpresión Mediabyte, c2010. a127 páginas :bilustraciones, retratos ; c28 cm. 2rdacontentatextobtxt 2rdamediaasin mediación bn 2rdacarrier avolumenbnc aIncluye índice aIncluye referencias bibliográficas y notas al pie de las páginas aBibliografía páginas 125-127 aInventatariado, 2024 /LP 4aRepública DominicanaxHistoriayRevolución, 196592167 0aRepública DominicanaxPolítica y gobierno945 aLP 2ddccLBS1 00102ddc51708PDaBNPHUbBNPHUcCTd2024-04-08eDonado por Abel Disla Gómez l0oBNPHU PD 972.93054 H522e 2010p2024-1920r2024-04-08w2024-04-08yLBS1 c56289d56289